A worldwide summary

Đã lưu trong:
書目詳細資料
企業作者: Foreign exchange information
格式: 圖書
語言:Undetermined
出版: New York Price Waterhouse 1979
主題:
標簽: 添加標簽
沒有標簽, 成為第一個標記此記錄!
Thư viện lưu trữ: Trung tâm Học liệu Trường Đại học Cần Thơ
LEADER 00487nam a2200181Ia 4500
001 CTU_86996
008 210402s9999 xx 000 0 und d
082 |a 332.1 
082 |b F714 
110 |a Foreign exchange information 
245 2 |a A worldwide summary 
245 0 |c Foreign exchange information 
260 |a New York 
260 |b Price Waterhouse 
260 |c 1979 
650 |a Banks and banking 
904 |i Truc 
980 |a Trung tâm Học liệu Trường Đại học Cần Thơ